SPSS data analysis for univariate, bivariate, and multivariate statistics / (Record no. 119433)
[ view plain ]
| 000 -LEADER | |
|---|---|
| fixed length control field | 00662cam a22002058i 4500 |
| 001 - CONTROL NUMBER | |
| control field | 20520428 |
| 005 - DATE AND TIME OF LATEST TRANSACTION | |
| control field | 20201021100108.0 |
| 008 - FIXED-LENGTH DATA ELEMENTS--GENERAL INFORMATION | |
| fixed length control field | 180529s2019 nju b 001 0 eng |
| 020 ## - INTERNATIONAL STANDARD BOOK NUMBER | |
| International Standard Book Number | 9781119465812 (hardcover) |
| 040 ## - CATALOGING SOURCE | |
| Transcribing agency | PK-LaUMT |
| 082 00 - DEWEY DECIMAL CLASSIFICATION NUMBER | |
| Classification number | 519.53 |
| Edition number | 23 |
| Item number | DEN-S |
| 100 1# - MAIN ENTRY--PERSONAL NAME | |
| Personal name | Denis, Daniel J. |
| 245 10 - TITLE STATEMENT | |
| Title | SPSS data analysis for univariate, bivariate, and multivariate statistics / |
| Statement of responsibility, etc | by Daniel J. Denis |
| 260 ## - PUBLICATION, DISTRIBUTION, ETC. (IMPRINT) | |
| Place of publication, distribution, etc | Hoboken : |
| Name of publisher, distributor, etc | John Wiley, |
| Date of publication, distribution, etc | 2019 |
| 300 ## - PHYSICAL DESCRIPTION | |
| Extent | 205 p. |
| 650 #0 - SUBJECT ADDED ENTRY--TOPICAL TERM | |
| Topical term or geographic name as entry element | Analysis of variance |
| General subdivision | Data processing. |
| 650 #0 - SUBJECT ADDED ENTRY--TOPICAL TERM | |
| Topical term or geographic name as entry element | Multivariate analysis |
| General subdivision | Data processing. |
| 650 #0 - SUBJECT ADDED ENTRY--TOPICAL TERM | |
| Topical term or geographic name as entry element | Mathematical statistics |
| General subdivision | Data processing. |
| 942 ## - ADDED ENTRY ELEMENTS (KOHA) | |
| Koha item type | Books |
| Withdrawn status | Lost status | Damaged status | Home library | Current library | Date acquired | Full call number | Barcode | Date last seen | Price effective from | Koha item type |
|---|---|---|---|---|---|---|---|---|---|---|
| UMT Main Campus | UMT Main Campus | 2020-10-21 | 519.53 DEN-S | 135338 | 2022-09-27 | 2020-10-21 | Books |
